000 00494nam a2200169Ia 4500
003 GCL
008 140319s9999 xx 000 0 ara d
040 _aGCL /
_cGCL
082 0 4 _a549
_bس ت
100 1 _aسعيد عبدالغفار
245 1 0 _aتكنولوجيا الالومنيوم ج2 /
_cسعيد عبدالغفار
260 _a[S.N] :
_bالاهرام
300 _a277 ص
490 _aالاسس التكنولوجية
_v0
650 0 4 _aالالومنيوم
942 _2ddc
_cBK
999 _c42163
_d42163